The new Income tax, law and accounting (Record no. 35481)
[ view plain ]
| 000 -LEADER | |
|---|---|
| fixed length control field | 00438nam a22001577a 4500 |
| 003 - CONTROL NUMBER IDENTIFIER | |
| control field | OSt |
| 005 - DATE AND TIME OF LATEST TRANSACTION | |
| control field | 20140311130135.0 |
| 008 - FIXED-LENGTH DATA ELEMENTS--GENERAL INFORMATION | |
| fixed length control field | 130214t xxu||||| |||| 00| 0 eng d |
| 050 ## - LIBRARY OF CONGRESS CALL NUMBER | |
| Classification number | KPM2858 .R49 2009 |
| Item number | R49 2009 |
| 082 ## - DEWEY DECIMAL CLASSIFICATION NUMBER | |
| Classification number | KPM2858 |
| 245 ## - TITLE STATEMENT | |
| Title | The new Income tax, law and accounting |
| Statement of responsibility, etc | Virgilio D. Reyes |
| 260 ## - PUBLICATION, DISTRIBUTION, ETC. (IMPRINT) | |
| Place of publication, distribution, etc | [S.l. : s.n.], |
| Date of publication, distribution, etc | 2009 |
| 300 ## - PHYSICAL DESCRIPTION | |
| Extent | 1 v. (various pagings) |
| Other physical details | ill |
| Dimensions | 23 cm |
| 942 ## - ADDED ENTRY ELEMENTS (KOHA) | |
| Source of classification or shelving scheme | Library of Congress Classification |
| Koha item type | Books |
| Call number prefix | |
No items available.